000 00673nam a2200217 4500
003 OSt
005 20151204143506.0
008 851125s1984 sp 000 spa
020 _a84-206-9210-7
040 _cBMC
082 _a808.06842
100 1 _aLondon, Jack
_d1876-1916
_9565
245 1 3 _aEl silencio blanco y otros cuentos
_cJack London ; traducción, introducción y selección, Carmen Criado
250 _a5ª ed
260 _aMadrid
_bAlianza
_c1984
300 _a243 p.
_c18 cm
490 0 _aBiblioteca fundamental de nuestro tiempo. Sección Clásicos
_v10
650 2 4 _929437
_aCuentos ingleses
700 1 _aCriado, Carmen‏
_937511
942 _2ddc
_cBK
999 _c23870
_d23870